[Event "DVM U20 2014"]
[Site "Naumburg (Saale) GER"]
[Date "2014.12.27"]
[Round "1"]
[White "Biefel, Christian"]
[Black "Eigemann, Frederik"]
[Result "1/2-1/2"]
[Termination "normal"]
[Board "4.4"]
[WhiteElo "1765"]
[BlackElo "2015"]
[WhiteTeam "Heilbronner SV"]
[BlackTeam "SG Porz"]
[PlyCount "45"]
[WhiteFideId "24692646"]
[BlackFideId "24692034"]
[EventCountry "GER"]
[EventRounds "7"]
[EventType "team-swiss"]
[EventDate "2014.12.26"]

1. c4 c5 2. Nf3 b6 3. g3 Bb7 4. Bg2 Nf6 5. Nc3 e6 6. O-O Be7 7. d4 cxd4 8. Qxd4
d6 9. Rd1 a6 10. b3 Nbd7 11. e4 Qc7 12. Ba3 Nc5 13. e5 dxe5 14. Qxe5 Qxe5 15.
Nxe5 Bxg2 16. Kxg2 Nfd7 17. Nxd7 Nxd7 18. Bxe7 Kxe7 19. Re1 Rhd8 20. Rad1 Nf6
21. Nd5+ Nxd5 22. cxd5 Rac8 23. dxe6 1/2-1/2

[Event "DVM U20 2014"]
[Site "Naumburg (Saale) GER"]
[Date "2014.12.27"]
[Round "1"]
[White "Padva, Leo"]
[Black "Mikeler, Marcel"]
[Result "0-1"]
[Termination "normal"]
[Board "4.5"]
[WhiteElo "1900"]
[BlackElo "1751"]
[WhiteTeam "SG Porz"]
[BlackTeam "Heilbronner SV"]
[PlyCount "98"]
[WhiteFideId "12964379"]
[BlackFideId "12927856"]
[EventCountry "GER"]
[EventRounds "7"]
[EventType "team-swiss"]
[EventDate "2014.12.26"]

1. Nf3 d5 2. g3 Nf6 3. Bg2 c6 4. O-O Bf5 5. b3 e6 6. Bb2 Nbd7 7. d3 Be7 8. Nbd2
O-O 9. Re1 Qc7 10. c4 Bg6 11. cxd5 cxd5 12. Nd4 e5 13. Nc2 Rac8 14. Ne3 Nb6 15.
Rc1 Qb8 16. Bh3 Rxc1 17. Qxc1 d4 18. Nec4 Nbd5 19. Nf3 Bb4 20. Rd1 Re8 21. Qc2
Nc3 22. Bxc3 Bxc3 23. Nh4 b5 24. Nd2 Bh5 25. f3 Nd5 26. Ng2 f6 27. Ne4 b4 28.
Bd7 Re7 29. Bc6 Bf7 30. Bxd5 Bxd5 31. Nxc3 bxc3 32. Kf2 a5 33. e4 Bf7 34. Rb1
Rb7 35. Ke2 a4 36. Ne1 axb3 37. axb3 Bxb3 38. Qc1 Bd1+ 39. Qxd1 Rxb1 40. Qa4 h6
41. Qc4+ Kh8 42. h4 Rb2+ 43. Kf1 Qg8 44. Qc6 Rb8 45. g4 Rc8 46. Qa4 Qe8 47. Qc2
Qb5 48. Ke2 Qb2 49. h5 Ra8 0-1

[Event "DVM U20 2014"]
[Site "Naumburg (Saale) GER"]
[Date "2014.12.27"]
[Round "1"]
[White "Ignatov, Dmitriy"]
[Black "Rahmen, Christian"]
[Result "1/2-1/2"]
[Termination "normal"]
[Board "4.6"]
[WhiteElo "1754"]
[BlackElo "1870"]
[WhiteTeam "Heilbronner SV"]
[BlackTeam "SG Porz"]
[PlyCount "59"]
[WhiteFideId "12927872"]
[BlackFideId "12901709"]
[EventCountry "GER"]
[EventRounds "7"]
[EventType "team-swiss"]
[EventDate "2014.12.26"]

1. e4 c5 2. Nf3 d6 3. c3 Nc6 4. d4 cxd4 5. cxd4 Nf6 6. Nc3 Bg4 7. Be2 g6 8. O-O
Bg7 9. e5 dxe5 10. dxe5 Nd7 11. Qb3 O-O 12. Qxb7 Ndxe5 13. Nxe5 Nxe5 14. Bxg4
Nxg4 15. Bg5 Nf6 16. Rfe1 Qa5 17. Bf4 e6 18. Re5 Qb6 19. Qxb6 axb6 20. Rb5 Ra6
21. Rd1 Rc8 22. Be3 Nd5 23. Nxd5 exd5 24. Rbxd5 Bxb2 25. Rb5 Rxa2 26. Rxb6 Rc2
27. g3 Be5 28. Rb5 Bc7 29. Rc5 Rxc5 30. Bxc5 1/2-1/2

[Event "DVM U20 2014"]
[Site "Naumburg (Saale) GER"]
[Date "2014.12.27"]
[Round "1"]
[White "Giraud, Valerian"]
[Black "Kieslich, Aaron"]
[Result "1-0"]
[Termination "normal"]
[Board "5.2"]
[WhiteElo "1982"]
[BlackElo "2013"]
[WhiteTeam "SG Bochum"]
[BlackTeam "TuS Coswig"]
[PlyCount "41"]
[WhiteFideId "12920355"]
[BlackFideId "1270391"]
[EventCountry "GER"]
[EventRounds "7"]
[EventType "team-swiss"]
[EventDate "2014.12.26"]

1. d4 Nf6 2. c4 e6 3. Nf3 b6 4. g3 Bb7 5. Bg2 Be7 6. O-O O-O 7. d5 exd5 8. Nh4
c6 9. cxd5 Nxd5 10. Nf5 Nc7 11. e4 d5 12. Nc3 Bf6 13. exd5 Bxc3 14. bxc3 Qf6
15. Qc2 Bc8 16. Ne3 Nxd5 17. Bxd5 cxd5 18. Nxd5 Qe5 19. Rd1 Bg4 20. Rd4 Bf5 21.
Qxf5 1-0

[Event "DVM U20 2014"]
[Site "Naumburg (Saale) GER"]
[Date "2014.12.27"]
[Round "1"]
[White "von Koslowski, Utz"]
[Black "Stricker, Florian"]
[Result "0-1"]
[Termination "normal"]
[Board "5.3"]
[WhiteElo "1892"]
[BlackElo "2148"]
[WhiteTeam "TuS Coswig"]
[BlackTeam "SG Bochum"]
[PlyCount "96"]
[WhiteFideId "12964247"]
[BlackFideId "12976385"]
[EventCountry "GER"]
[EventRounds "7"]
[EventType "team-swiss"]
[EventDate "2014.12.26"]

1. Nf3 d5 2. d4 Nf6 3. g3 Bf5 4. Bg2 e6 5. O-O Be7 6. Nbd2 h6 7. e3 O-O 8. c4
c6 9. cxd5 cxd5 10. Nb3 Nc6 11. Bd2 Rc8 12. Rc1 Ne4 13. a3 Qb6 14. Bc3 a5 15.
Na1 Nxc3 16. Rxc3 Qxb2 17. Rb3 Qa2 18. Re1 a4 19. Rc3 Qb2 20. Qc1 Qxc1 21.
Rexc1 Na7 22. Bf1 Rxc3 23. Rxc3 Rc8 24. Rxc8+ Nxc8 25. Bb5 Nb6 26. Ne1 Bxa3 27.
Nac2 Bxc2 28. Nxc2 Bd6 29. Kf1 a3 30. Ke2 a2 31. Kd3 Bb4 32. Na1 Kh7 33. f3 Ba3
34. Kc2 Nc4 35. e4 Bd6 36. exd5 Ne3+ 37. Kb3 Nxd5 38. Bd3+ f5 39. Nc2 Nb4 40.
Bxf5+ exf5 41. Na1 b5 42. Kb2 Nc6 43. Kc3 b4+ 44. Kd3 Na5 45. Kc2 b3+ 46. Kb2
Be7 47. f4 Bf6 48. Kc3 Bxd4+ 0-1

[Event "DVM U20 2014"]
[Site "Naumburg (Saale) GER"]
[Date "2014.12.27"]
[Round "1"]
[White "Budszuhn, Timo"]
[Black "Merker, Konstantin"]
[Result "1-0"]
[Termination "normal"]
[Board "5.4"]
[WhiteElo "1989"]
[BlackElo "1663"]
[WhiteTeam "SG Bochum"]
[BlackTeam "TuS Coswig"]
[PlyCount "49"]
[WhiteFideId "1270607"]
[BlackFideId "12964239"]
[EventCountry "GER"]
[EventRounds "7"]
[EventType "team-swiss"]
[EventDate "2014.12.26"]

1. e4 d5 2. exd5 Nf6 3. d4 Nxd5 4. Nf3 Bg4 5. Be2 e6 6. O-O Nc6 7. c4 Nb6 8.
Nc3 Be7 9. d5 exd5 10. cxd5 Nb4 11. Qd4 Bxf3 12. Qxg7 Bf6 13. Bb5+ c6 14. Re1+
Kd7 15. Qxf7+ Kc8 16. Qe6+ Nd7 17. dxc6 Bxc6 18. Bf4 a6 19. Bxc6 Nxc6 20. Nd5
Bxb2 21. Rac1 Bxc1 22. Rxc1 Ra7 23. Rxc6+ bxc6 24. Qxc6+ Rc7 25. Qa8+ 1-0

[Event "DVM U20 2014"]
[Site "Naumburg (Saale) GER"]
[Date "2014.12.27"]
[Round "1"]
[White "Pührer, Anne"]
[Black "Pilat, Fabian"]
[Result "0-1"]
[Termination "normal"]
[Board "5.5"]
[WhiteElo "1729"]
[BlackElo "1919"]
[WhiteTeam "TuS Coswig"]
[BlackTeam "SG Bochum"]
[PlyCount "38"]
[WhiteFideId "24692247"]
[BlackFideId "24683396"]
[EventCountry "GER"]
[EventRounds "7"]
[EventType "team-swiss"]
[EventDate "2014.12.26"]

1. e4 c5 2. Nf3 e6 3. d4 cxd4 4. Nxd4 a6 5. Nc3 Qc7 6. Bd3 d6 7. O-O Nd7 8. Be3
b6 9. Qe2 Bb7 10. Kh1 Ngf6 11. f4 Be7 12. Rae1 Nc5 13. Bf2 O-O-O 14. Nb3 b5 15.
a3 h5 16. Nd2 Ncd7 17. Na2 d5 18. f5 Ng4 19. Bd4 Qxh2# 0-1

[Event "DVM U20 2014"]
[Site "Naumburg (Saale) GER"]
[Date "2014.12.27"]
[Round "1"]
[White "Rempe, Moritz"]
[Black "Zschuppe, Ludwig"]
[Result "1-0"]
[Termination "normal"]
[Board "5.6"]
[WhiteElo "1951"]
[BlackElo "1663"]
[WhiteTeam "SG Bochum"]
[BlackTeam "TuS Coswig"]
[PlyCount "77"]
[WhiteFideId "12906867"]
[BlackFideId "12985260"]
[EventCountry "GER"]
[EventRounds "7"]
[EventType "team-swiss"]
[EventDate "2014.12.26"]

1. e4 e5 2. Nf3 Nc6 3. Bc4 Bc5 4. c3 Nf6 5. d4 exd4 6. e5 Ng8 7. cxd4 Bb4+ 8.
Bd2 Bxd2+ 9. Nbxd2 d5 10. Bb5 Nge7 11. O-O O-O 12. Re1 Bd7 13. Bd3 Bf5 14. Nf1
Bxd3 15. Qxd3 Ng6 16. g3 Nce7 17. Ng5 h6 18. Nh3 Qd7 19. Nf4 Nxf4 20. gxf4 Qg4+
21. Qg3 Qxg3+ 22. fxg3 Nc6 23. Rad1 Rfe8 24. Ne3 Rad8 25. f5 Ne7 26. g4 c6 27.
h4 Nc8 28. g5 hxg5 29. hxg5 f6 30. gxf6 gxf6 31. Ng4 Rf8 32. Nxf6+ Kf7 33. Nh7
Rg8+ 34. Kf2 Kg7 35. Ng5 Rd7 36. Rg1 Rh8 37. f6+ Kg6 38. e6 Rc7 39. Nf7+ 1-0

[Event "DVM U20 2014"]
[Site "Naumburg (Saale) GER"]
[Date "2014.12.27"]
[Round "1"]
[White "Preiß, Vincent"]
[Black "Hobusch, Jan"]
[Result "0-1"]
[Termination "normal"]
[Board "6.1"]
[WhiteElo "1844"]
[BlackElo "2183"]
[WhiteTeam "SVG Saarbrücken"]
[BlackTeam "SG Solingen"]
[PlyCount "84"]
[WhiteFideId "24660850"]
[BlackFideId "12907634"]
[EventCountry "GER"]
[EventRounds "7"]
[EventType "team-swiss"]
[EventDate "2014.12.26"]

1. e4 c6 2. d4 d5 3. e5 c5 4. dxc5 e6 5. Be3 Nd7 6. Nf3 Bxc5 7. Bxc5 Nxc5 8. c3
Ne7 9. Bb5+ Bd7 10. Bxd7+ Qxd7 11. Qe2 O-O 12. O-O Rfc8 13. Na3 a6 14. Rfd1 b5
15. Rac1 Na4 16. h3 Rc7 17. Rd4 Qc8 18. Nb1 Rb8 19. Rcd1 Rc4 20. Na3 Rc7 21.
Nb1 Nf5 22. R4d2 a5 23. Nd4 Nxd4 24. Rxd4 Rc4 25. Na3 Rxd4 26. cxd4 b4 27. Nb1
Qc6 28. b3 Nb6 29. a4 bxa3 30. Nxa3 Nc8 31. Qd2 Qb6 32. Rc1 h6 33. Qc3 Ne7 34.
Qc5 Nf5 35. Qxb6 Rxb6 36. Nc2 Rc6 37. Kh2 Nxd4 38. Nxd4 Rxc1 39. Kg3 Rc3+ 40.
f3 Rd3 41. Nc6 Rxb3 42. Nxa5 Rb5 0-1

[Event "DVM U20 2014"]
[Site "Naumburg (Saale) GER"]
[Date "2014.12.27"]
[Round "1"]
[White "Zolfagharian, Kevin"]
[Black "Lü, Youheng"]
[Result "1-0"]
[Termination "normal"]
[Board "6.2"]
[WhiteElo "2144"]
[BlackElo "1628"]
[WhiteTeam "SG Solingen"]
[BlackTeam "SVG Saarbrücken"]
[PlyCount "65"]
[WhiteFideId "12933570"]
[BlackFideId "16200403"]
[EventCountry "GER"]
[EventRounds "7"]
[EventType "team-swiss"]
[EventDate "2014.12.26"]

1. e4 e5 2. Nf3 Nc6 3. Bc4 Bc5 4. c3 Nf6 5. d4 exd4 6. e5 Ng4 7. cxd4 d5 8. Bb5
Bb6 9. Nc3 Bf5 10. h3 Nh6 11. Bxh6 gxh6 12. Qd2 h5 13. Qh6 Bg6 14. Qg7 Rf8 15.
O-O Qd7 16. Qf6 a6 17. Ba4 Rg8 18. e6 fxe6 19. Rfe1 Qf7 20. Nxd5 Kf8 21. Rxe6
Qxf6 22. Rxf6+ Kg7 23. Rf4 Ba5 24. Rc1 Rad8 25. Bxc6 bxc6 26. Ne7 Rge8 27. Nxc6
Rd5 28. Nxa5 Rxa5 29. Rxc7+ Kh6 30. a3 Rb5 31. b4 Re2 32. Rf6 a5 33. Rc5 1-0

[Event "DVM U20 2014"]
[Site "Naumburg (Saale) GER"]
[Date "2014.12.27"]
[Round "1"]
[White "Mohit-Rodriguez, Dario"]
[Black "Neumair, Jerome"]
[Result "0-1"]
[Termination "normal"]
[Board "6.3"]
[WhiteElo "1414"]
[BlackElo "2122"]
[WhiteTeam "SVG Saarbrücken"]
[BlackTeam "SG Solingen"]
[PlyCount "114"]
[WhiteFideId "36016047"]
[BlackFideId "24672637"]
[EventCountry "GER"]
[EventRounds "7"]
[EventType "team-swiss"]
[EventDate "2014.12.26"]

1. e4 e6 2. d4 d5 3. Nc3 Bb4 4. exd5 exd5 5. Bd3 Nc6 6. a3 Be7 7. Nge2 Bf6 8.
Be3 Nge7 9. O-O O-O 10. Ng3 g6 11. Nce2 Bg4 12. f3 Be6 13. Qd2 Qd7 14. c3 Rfe8
15. Bg5 Bg7 16. Bh6 Nf5 17. Bxg7 Nxg7 18. Qf4 f5 19. h4 Bf7 20. Rae1 Re7 21.
Qg5 Rae8 22. h5 Re3 23. Be4 Rxe2 24. Rxe2 dxe4 25. Re3 exf3 26. Rexf3 Qe7 27.
Qxe7 Rxe7 28. h6 Ne8 29. Rd1 Bb3 30. Rd2 Nf6 31. Re2 Rxe2 32. Nxe2 Ng4 33. Nf4
Na5 34. Rf1 Nxh6 35. Re1 Kf7 36. d5 Ng4 37. Ne6 Bxd5 38. Nxc7 Bc6 39. Ne6 Kf6
40. Nd4 Be4 41. Nb5 a6 42. Nd6 Ke5 43. Nf7+ Kf4 44. Nd6 Nb3 45. Nc4 b5 46. Nd6
Nc5 47. c4 bxc4 48. Nxc4 Kg3 49. Ne3 Nd3 50. Re2 h5 51. Nf1+ Kf4 52. b4 h4 53.
Nd2 g5 54. Nf1 Nge5 55. Kh2 g4 56. g3+ hxg3+ 57. Nxg3 Nf3+ 0-1

[Event "DVM U20 2014"]
[Site "Naumburg (Saale) GER"]
[Date "2014.12.27"]
[Round "1"]
[White "Reksten, Daniel"]
[Black "Chabakji, Hussein"]
[Result "1-0"]
[Termination "normal"]
[Board "6.4"]
[WhiteElo "1895"]
[BlackElo "1602"]
[WhiteTeam "SG Solingen"]
[BlackTeam "SVG Saarbrücken"]
[PlyCount "145"]
[WhiteFideId "24692590"]
[BlackFideId "16200411"]
[EventCountry "GER"]
[EventRounds "7"]
[EventType "team-swiss"]
[EventDate "2014.12.26"]

1. d4  Nf6 2. c4 g6 3. Nc3 Bg7 4. e4 d6 5. h3 O-O 6. Nf3 e5 7. d5 Nbd7 8. Bg5
a5 9. Nd2 Nc5 10. g4 Qd7 11. Be2 b6 12. Qc2 Ba6 13. O-O-O Rae8 14. Rdg1 Re7 15.
Rg3 h6 16. Be3 Nh7 17. h4 Bb7 18. h5 g5 19. Kd1 a4 20. Ke1 Ra8 21. f3 a3 22. b4
Na4 23. Kf2 Nb2 24. Rgg1 Ree8 25. Ndb1 Na4 26. Nxa3 Nxc3 27. Qxc3 Ra4 28. Bd1
Ra6 29. Kg3 Rea8 30. Bc1 Nf6 31. Rg2 Qxg4+ 32. Kh2 Qd7 33. Kg1 c6 34. dxc6 Bxc6
35. b5 Bxb5 36. cxb5 R6a7 37. Rc2 d5 38. Qc6 dxe4 39. Qxd7 Rxd7 40. Kg2 exf3+
41. Bxf3 e4 42. Be2 Nd5 43. Bg4 Re7 44. Re1 Nb4 45. Rc4 Nd3 46. Rd1 Nxc1 47.
Rcxc1 Rxa3 48. Rc8+ Bf8 49. Rdd8 Rxa2+ 50. Kf1 e3 51. Rxf8+ Kg7 52. Rg8+ Kf6
53. Rc6+ Ke5 54. Be2 Ra1+ 55. Kg2 Re1 56. Kf3 f5 57. Kxe3 Kd5+ 58. Kd3 g4 59.
Rd8+ Ke5 60. Kd2 Rb1 61. Rxb6 Rb2+ 62. Ke1 Kf4 63. Rd2 Rxd2 64. Kxd2 Rg7 65.
Rg6 Rd7+ 66. Ke1 g3 67. b6 Rb7 68. Kf1 Ke3 69. Rxg3+ Kd2 70. Rg6 f4 71. Rxh6
Re7 72. Bf3 Ke3 73. b7 1-0

[Event "DVM U20 2014"]
[Site "Naumburg (Saale) GER"]
[Date "2014.12.27"]
[Round "1"]
[White "Schäfer, Nicolas"]
[Black "Bashylin, Seva"]
[Result "0-1"]
[Termination "normal"]
[Board "6.5"]
[WhiteElo "1497"]
[BlackElo "1685"]
[WhiteTeam "SVG Saarbrücken"]
[BlackTeam "SG Solingen"]
[PlyCount "48"]
[WhiteFideId "12988901"]
[BlackFideId "24688045"]
[EventCountry "GER"]
[EventRounds "7"]
[EventType "team-swiss"]
[EventDate "2014.12.26"]

1. d4 Nf6 2. c4 g6 3. Nc3 Bg7 4. e4 d6 5. Nf3 Bg4 6. Be2 O-O 7. Be3 Nfd7 8. O-O
Nc6 9. Rc1 e5 10. d5 Bxf3 11. Bxf3 Nd4 12. Bxd4 exd4 13. Nb5 d3 14. b4 Ne5 15.
c5 d2 16. Rc3 a6 17. Na3 Qh4 18. Qe2 Ng4 19. Bxg4 Bxc3 20. Rb1 Rae8 21. cxd6 f5
22. dxc7 Rxe4 23. Qf1 Re1 24. Rxe1 dxe1=Q 0-1

[Event "DVM U20 2014"]
[Site "Naumburg (Saale) GER"]
[Date "2014.12.27"]
[Round "1"]
[White "Porstmann, Jan"]
[Black "Dorscheid, Nico"]
[Result "1-0"]
[Termination "normal"]
[Board "6.6"]
[WhiteElo "1875"]
[BlackElo "1272"]
[WhiteTeam "SG Solingen"]
[BlackTeam "SVG Saarbrücken"]
[PlyCount "57"]
[WhiteFideId "1271566"]
[BlackFideId "16200420"]
[EventCountry "GER"]
[EventRounds "7"]
[EventType "team-swiss"]
[EventDate "2014.12.26"]

1. e4 c5 2. Nf3 Nc6 3. d4 cxd4 4. Nxd4 g6 5. Nc3 Bg7 6. Be3 a6 7. Qd2 e6 8.
O-O-O Nge7 9. Be2 O-O 10. h4 b5 11. Nxc6 Nxc6 12. Bh6 Qf6 13. Bxg7 Qxg7 14. h5
Ne5 15. Rh2 Bb7 16. f4 b4 17. fxe5 bxc3 18. Qxc3 Bxe4 19. h6 Qh8 20. Rxd7 Rac8
21. Rc7 Ra8 22. Rh4 Bxg2 23. Rhc4 Rad8 24. Rc8 Bb7 25. R8c7 Rb8 26. Rb4 Bc6 27.
Rxb8 Rxb8 28. Rxc6 Re8 29. Rc8 1-0

[Event "DVM U20 2014"]
[Site "Naumburg (Saale) GER"]
[Date "2014.12.27"]
[Round "1"]
[White "Grigorian, Spartak"]
[Black "Kühne, Niklas"]
[Result "1-0"]
[Termination "normal"]
[Board "7.1"]
[WhiteElo "2244"]
[BlackElo "1778"]
[WhiteTeam "SK Wildeshausen"]
[BlackTeam "Meuselwitzer SV"]
[PlyCount "99"]
[WhiteFideId "24661490"]
[BlackFideId "24690015"]
[EventCountry "GER"]
[EventRounds "7"]
[EventType "team-swiss"]
[EventDate "2014.12.26"]

1. d4 d5 2. c4 e6 3. Nc3 Nf6 4. Bf4 c6 5. e3 Be7 6. g4 Qa5 7. a3 dxc4 8. Bxc4
Nd5 9. Nge2 Nd7 10. Bg3 N7f6 11. b4 Qd8 12. g5 Nxc3 13. Nxc3 Nd5 14. Ne4 a5 15.
b5 a4 16. bxc6 Qa5+ 17. Qd2 Qxd2+ 18. Kxd2 bxc6 19. Nd6+ Bxd6 20. Bxd6 Kd7 21.
Bc5 Ba6 22. Bxa6 Rxa6 23. Rab1 Rc8 24. Rb7+ Rc7 25. Rb8 e5 26. dxe5 Rc8 27.
Rhb1 Ra5 28. Bd6 Rxb8 29. Rxb8 Rb5 30. Rf8 Rb2+ 31. Ke1 f6 32. e4 fxe5 33. Bxe5
Rb1+ 34. Ke2 Ne7 35. Bxg7 Rb3 36. Bd4 Ng6 37. Rf7+ Ke8 38. Rf3 Rb5 39. Bf6 Kd7
40. Rd3+ Ke6 41. Ke3 h6 42. f4 hxg5 43. Bxg5 Kf7 44. h4 c5 45. Rd7+ Ke8 46.
Rd8+ Kf7 47. h5 Rb3+ 48. Rd3 Ne7 49. Bxe7 Kxe7 50. Rxb3 1-0

[Event "DVM U20 2014"]
[Site "Naumburg (Saale) GER"]
[Date "2014.12.27"]
[Round "1"]
[White "Naundorf, Johannes"]
[Black "Peters, Tom"]
[Result "1-0"]
[Termination "normal"]
[Board "7.2"]
[WhiteElo "1802"]
[BlackElo "1922"]
[WhiteTeam "Meuselwitzer SV"]
[BlackTeam "SK Wildeshausen"]
[PlyCount "119"]
[WhiteFideId "12950009"]
[BlackFideId "24694444"]
[EventCountry "GER"]
[EventRounds "7"]
[EventType "team-swiss"]
[EventDate "2014.12.26"]

1. d4 Nf6 2. Bg5 e6 3. e4 h6 4. Bxf6 Qxf6 5. Nf3 g6 6. Qd2 Bg7 7. Nc3 d6 8. Bc4
Nd7 9. O-O-O O-O 10. Rhe1 Qe7 11. g4 Nb6 12. Bf1 e5 13. g5 h5 14. dxe5 dxe5 15.
h3 Be6 16. Nd5 Nxd5 17. exd5 Bd7 18. Nxe5 Bxe5 19. f4 Bxb2+ 20. Kxb2 Qd6 21.
Qd4 Bf5 22. h4 c5 23. dxc6 Qxc6 24. Bc4 a5 25. Rd2 a4 26. a3 Rac8 27. Bd5 Qb5+
28. Qb4 Qxb4+ 29. axb4 Rfd8 30. Re7 Bxc2 31. Rxb7 Bb3 32. Rb5 Rd7 33. Rd3 Rcd8
34. Rxb3 axb3 35. Bxb3 Rd2+ 36. Ka3 Ra8+ 37. Ra5 Rxa5+ 38. bxa5 Kf8 39. Kb4 Ke7
40. a6 Rd7 41. Kc5 Kd8 42. Kb6 Rd6+ 43. Kb7 Rd7+ 44. Kb8 Rd6 45. Kb7 Rd7+ 46.
Kc6 Kc8 47. Bd5 Re7 48. Kb6 Kb8 49. Bc6 f5 50. gxf6 Rf7 51. a7+ Rxa7 52. Be8
Rh7 53. Bxg6 Rh8 54. Kc6 Kc8 55. Kd6 Kd8 56. Ke6 Rg8 57. f5 Rh8 58. f7 Rf8 59.
Kf6 Kd7 60. Kg7 1-0

[Event "DVM U20 2014"]
[Site "Naumburg (Saale) GER"]
[Date "2014.12.27"]
[Round "1"]
[White "Finke, Maurice"]
[Black "Blumenthal, Clemens"]
[Result "1/2-1/2"]
[Termination "normal"]
[Board "7.3"]
[WhiteElo "1989"]
[BlackElo "1573"]
[WhiteTeam "SK Wildeshausen"]
[BlackTeam "Meuselwitzer SV"]
[PlyCount "47"]
[WhiteFideId "12909580"]
[BlackFideId "12938050"]
[EventCountry "GER"]
[EventRounds "7"]
[EventType "team-swiss"]
[EventDate "2014.12.26"]

1. d4 Nf6 2. c4 e6 3. Nf3 d5 4. g3 Be7 5. Bg2 O-O 6. O-O Nbd7 7. Nc3 c6 8. b3
Bb4 9. Bb2 Re8 10. Ne5 Nxe5 11. dxe5 Nd7 12. f4 Bc5+ 13. Kh1 b6 14. cxd5 cxd5
15. e4 Ba6 16. Re1 d4 17. Ne2 Bb4 18. Rg1 d3 19. Nd4 Rc8 20. Bf1 Bc3 21. Bxc3
Rxc3 22. Qd2 Qc7 23. Bg2 Qc5 24. Nf3 1/2-1/2

[Event "DVM U20 2014"]
[Site "Naumburg (Saale) GER"]
[Date "2014.12.27"]
[Round "1"]
[White "Großmann, Dominic"]
[Black "Ngo, Minh Duc"]
[Result "0-1"]
[Termination "normal"]
[Board "7.4"]
[WhiteElo "1904"]
[BlackElo "2024"]
[WhiteTeam "Meuselwitzer SV"]
[BlackTeam "SK Wildeshausen"]
[PlyCount "62"]
[WhiteFideId "12950017"]
[BlackFideId "12942693"]
[EventCountry "GER"]
[EventRounds "7"]
[EventType "team-swiss"]
[EventDate "2014.12.26"]

1. d4 Nf6 2. Nf3 c6 3. e3 d5 4. c4 Bf5 5. Bd3 Bxd3 6. Qxd3 e6 7. O-O Bd6 8. Nc3
g5 9. h3 Nbd7 10. cxd5 cxd5 11. e4 g4 12. hxg4 dxe4 13. Nxe4 Nxe4 14. Qxe4 Nf6
15. Qxb7 Nxg4 16. Qc6+ Ke7 17. Qb7+ Qd7 18. Qxd7+ Kxd7 19. Be3 h5 20. g3 f6 21.
Rac1 Nxe3 22. fxe3 Rag8 23. Kh2 h4 24. Kg2 Rxg3+ 25. Kf2 h3 26. Ne5+ Bxe5 27.
dxe5 Rg2+ 28. Kf3 fxe5 29. Rfd1+ Ke7 30. Rb1 Rh4 31. Rh1 e4# 0-1

[Event "DVM U20 2014"]
[Site "Naumburg (Saale) GER"]
[Date "2014.12.27"]
[Round "1"]
[White "Schumann, Steffen"]
[Black "Uhlig, Jessica"]
[Result "1-0"]
[Termination "normal"]
[Board "7.5"]
[WhiteElo "1828"]
[BlackElo "1276"]
[WhiteTeam "SK Wildeshausen"]
[BlackTeam "Meuselwitzer SV"]
[PlyCount "81"]
[WhiteFideId "24686891"]
[BlackFideId "16200446"]
[EventCountry "GER"]
[EventRounds "7"]
[EventType "team-swiss"]
[EventDate "2014.12.26"]

1. e4 e5 2. Nf3 Nc6 3. Bb5 Nge7 4. O-O d6 5. c3 Bd7 6. d4 exd4 7. cxd4 a6 8.
Ba4 Ng6 9. Nc3 Be7 10. Re1 O-O 11. Nd5 h6 12. a3 Re8 13. Bc2 Bg4 14. Qd3 Bf6
15. Nxf6+ Qxf6 16. d5 Nce5 17. Nxe5 Nxe5 18. Qg3 Bh5 19. Rb1 Bg6 20. b3 Nd7 21.
h4 Qe5 22. Bf4 Qf6 23. Kh1 Kh8 24. Bc1 Rg8 25. Bb2 Qe7 26. f4 Nf6 27. f5 Bh7
28. Qf4 Nh5 29. Qg4 Nf6 30. Qh3 Rae8 31. Qf3 b6 32. g3 a5 33. Kg2 Qd8 34. g4
Nd7 35. Rh1 Ne5 36. Qf4 f6 37. Rh2 Nf7 38. Rbh1 Qd7 39. g5 fxg5 40. hxg5 Nxg5
41. Qxg5 1-0

[Event "DVM U20 2014"]
[Site "Naumburg (Saale) GER"]
[Date "2014.12.27"]
[Round "1"]
[White "Kremser, Luise"]
[Black "Eschholz, Dario"]
[Result "0-1"]
[Termination "normal"]
[Board "7.6"]
[WhiteElo "1175"]
[BlackElo "1639"]
[WhiteTeam "Meuselwitzer SV"]
[BlackTeam "SK Wildeshausen"]
[PlyCount "118"]
[WhiteFideId "16200454"]
[BlackFideId "12928690"]
[EventCountry "GER"]
[EventRounds "7"]
[EventType "team-swiss"]
[EventDate "2014.12.26"]

1. e4 c5 2. Nf3 Nc6 3. Nc3 g6 4. Bc4 Bg7 5. b3 e6 6. Rb1 Nge7 7. Bb2 d5 8. Bb5
a6 9. Bxc6+ Nxc6 10. exd5 exd5 11. d3 O-O 12. Qd2 Re8+ 13. Kd1 Bg4 14. Qf4 h5
15. h3 Bxf3+ 16. Qxf3 d4 17. Ne4 Ne5 18. Qe2 f5 19. Nd2 Nc4 20. Qf1 Nxd2 21.
Kxd2 Bh6+ 22. Kd1 Qa5 23. f4 Qxa2 24. Kc1 Qa5 25. Kd1 Re3 26. Ra1 Qb4 27. Ra4
Qb6 28. Bc1 Re6 29. Bd2 Rae8 30. g3 Qd6 31. Ra1 Qe7 32. h4 b5 33. Qf2 Qb7 34.
Re1 b4 35. Ra4 Bg7 36. Qf1 Rxe1+ 37. Bxe1 Re6 38. Bd2 Bf8 39. Kc1 Bd6 40. Kb2
Bc7 41. Ra1 a5 42. Qh1 Qxh1 43. Rxh1 Re2 44. Rd1 Kf7 45. Kc1 Re6 46. Re1 Ra6
47. Kb2 a4 48. Ra1 a3+ 49. Kb1 Re6 50. Ka2 Re2 51. Rd1 Rg2 52. Kb1 Rxg3 53. Be1
Rf3 54. Bd2 Bxf4 55. Bxf4 Rxf4 56. Re1 Rxh4 57. Re5 Rh1+ 58. Ka2 f4 59. Rxc5 f3
0-1

[Event "DVM U20 2014"]
[Site "Naumburg (Saale) GER"]
[Date "2014.12.27"]
[Round "1"]
[White "Neef, Maximilian"]
[Black "Eichstaedt, Mirko"]
[Result "1-0"]
[Termination "normal"]
[Board "8.1"]
[WhiteTitle "FM"]
[WhiteElo "2353"]
[BlackElo "1999"]
[WhiteTeam "USV TU Dresden"]
[BlackTeam "USV Potsdam"]
[PlyCount "109"]
[WhiteFideId "24692085"]
[BlackFideId "24692310"]
[EventCountry "GER"]
[EventRounds "7"]
[EventType "team-swiss"]
[EventDate "2014.12.26"]

1. Nf3 Nf6 2. c4 g6 3. Nc3 Bg7 4. e4 c5 5. d4 cxd4 6. Nxd4 d6 7. Be2 Nc6 8. Be3
Bd7 9. Qd2 Ng4 10. Bxg4 Bxg4 11. O-O O-O 12. Rac1 Nxd4 13. Bxd4 Be6 14. b3 Qa5
15. f4 Bxd4+ 16. Qxd4 f6 17. Rf2 Rac8 18. f5 Bf7 19. Nd5 Bxd5 20. exd5 Rf7 21.
fxg6 hxg6 22. Qg4 Rc7 23. Qxg6+ Kf8 24. Rf3 Qd2 25. Qc2 Qxc2 26. Rxc2 Rh7 27.
g4 Kg7 28. Kg2 Rh8 29. a4 a6 30. a5 Rhc8 31. Kg3 Rc5 32. Ra2 Re8 33. Re3 Kf7
34. h4 e5 35. dxe6+ Rxe6 36. Rxe6 Kxe6 37. Kf4 d5 38. Re2+ Kf7 39. cxd5 Rxd5
40. b4 Rd1 41. Re4 Rf1+ 42. Ke3 Re1+ 43. Kd4 Rc1 44. Kd5 Rc7 45. h5 Rc8 46. Kd6
Rc6+ 47. Kd7 Rc1 48. Kd8 Kg8 49. Re8+ Kg7 50. Re7+ Kh6 51. Rxb7 Kg5 52. Rg7+
Kf4 53. h6 Rb1 54. h7 Rxb4 55. Kc7 1-0